LEADER 04073 am 2200745 n 450 001 9910418051103321 005 20191101 010 $a88-5526-023-5 024 7 $a10.4000/books.ledizioni.5377 035 $a(CKB)4100000010105965 035 $a(FrMaCLE)OB-ledizioni-5377 035 $a(oapen)https://directory.doabooks.org/handle/20.500.12854/48036 035 $a(PPN)242886310 035 $a(EXLCZ)994100000010105965 100 $a20200120j|||||||| ||| 0 101 0 $aita 135 $auu||||||m|||| 181 $ctxt$2rdacontent 182 $cc$2rdamedia 183 $acr$2rdacarrier 200 10$aFranco Fortini e le istituzioni letterarie /$fGianni Turchetta, Edoardo Esposito 210 $aMilano $cLedizioni$d2019 215 $a1 online resource (132 p.) 311 $a88-6705-816-9 330 $aNel 2017 cadeva il centenario della nascita di Franco Fortini (10 settembre 1917 ? 28 novembre 1994). Certamente Franco Lattes, in arte Fortini, nato a Firenze, ma vissuto a Milano per quasi cinquant?anni, fino alla morte, è stato uno dei massimi protagonisti del Novecento letterario e culturale, italiano e non solo: come critico letterario, saggista militante a 360°, traduttore da più lingue (memorabili, fra le molte altre, le traduzioni delle poesie di Brecht, del Faust di Goethe, di La fugitive di Proust), poeta fra i maggiori del secolo, narratore, ma anche insegnante, consulente editoriale, persino autore di canzoni e copywriter. È quasi impossibile trovare altri intellettuali che, come lui, abbiano saputo affrontare la realtà del mondo e della cultura a 360°, passando, sempre con lucidissima intelligenza e competenza profonda, da raffinate indagini su testi letterari a saggi sulle dinamiche politiche e sociali del XX secolo, dalla poesia alla narrativa, dal lavoro editoriale a quello nella scuola e nell?università. Il volume che avete sotto gli occhi raccoglie gli Atti del convegno Franco Fortini e le istituzioni letterarie, tenutosi all?Università degli Studi di Milano il 24 e 25 ottobre 2017, organizzato, con il coordinamento scientifico di Edoardo Esposito, Luca Daino, Laura Neri e di chi scrive, dal Dipartimento di Studi Letterari, Filologici e Linguistici e dal Dipartimento di Scienze della Mediazione Linguistica e Studi Interculturali, con la collaborazione della Fondazione Arnoldo e Alberto Mondadori e del Centro APICE di Unimi. La scadenza del centenario ha fortunatamente mostrato una persistente attenzione all?opera di Fortini, generando numerose iniziative in suo onore: come, oltre a quella milanese, il convegno dell?Università di Torino Franco Fortini: leggere e scrivere poesia, quello dell?Università di Siena su Franco Fortini e la traduzione, quello dell?Università di Padova Fortini ?17 e altre ancora. (Dalla Premessa di Gianni Turchetta) 606 $aPoetry 606 $aanalisi 606 $aletteratura 606 $apoesia 606 $aanalyse 606 $alittérature 606 $apoésie 606 $aanalysis 606 $aliterature 606 $apoetry 610 $aliterature 610 $aanalysis 610 $apoetry 615 4$aPoetry 615 4$aanalisi 615 4$aletteratura 615 4$apoesia 615 4$aanalyse 615 4$alittérature 615 4$apoésie 615 4$aanalysis 615 4$aliterature 615 4$apoetry 700 $aGhidinelli$b Stefano$01023635 701 $aGiovannetti$b Paolo$0174449 701 $aJachia$b Paolo$0220983 701 $aLenzini$b Luca$0221959 701 $aMagro$b Fabio$0555306 701 $aNeri$b Laura$0284098 701 $aRollo$b Alberto$0554577 701 $aSantarone$b Donatello$0165540 701 $aTurchetta$b Gianni$0447374 701 $aZinato$b Emanuele$011381 701 $aTurchetta$b Gianni$0447374 701 $aEsposito$b Edoardo$0218208 801 0$bFR-FrMaCLE 906 $aBOOK 912 $a9910418051103321 996 $aFranco Fortini e le istituzioni letterarie$93031486 997 $aUNINA LEADER 03824nam 22006015 450 001 9910984693503321 005 20250304115240.0 010 $a9783031816055 024 7 $a10.1007/978-3-031-81605-5 035 $a(CKB)37776517900041 035 $a(MiAaPQ)EBC31943555 035 $a(Au-PeEL)EBL31943555 035 $a(OCoLC)1504525642 035 $a(DE-He213)978-3-031-81605-5 035 $a(EXLCZ)9937776517900041 100 $a20250304d2025 u| 0 101 0 $aeng 135 $aur||||||||||| 181 $ctxt$2rdacontent 182 $cc$2rdamedia 183 $acr$2rdacarrier 200 10$aPhysics of Josephson Diodes Formed from 1T-Transition Metal Dichalcogenides /$fby Pranava Keerthi Sivakumar 205 $a1st ed. 2025. 210 1$aCham :$cSpringer Nature Switzerland :$cImprint: Springer,$d2025. 215 $a1 online resource (208 pages) 225 1 $aSpringer Theses, Recognizing Outstanding Ph.D. Research,$x2190-5061 311 08$a9783031816048 327 $aChapter 1.Introduction and scope of the thesis -- Chapter 2.Theoretical Foundations -- Chapter 3.Experimental methods -- Chapter 4.Josephson diode effect induced by finite momentum Cooper pairing in a topological Rashba system 1T-NiTe2 -- Chapter 5.Helical spin-momentum locking and tunable second-order junctions in the Dirac semimetal 1T-PtTe2 probed by the Josephson diode effect -- Chapter 6.Conclusions and outlook. 330 $aThis book provides a clear and lucid introduction to the field of non-reciprocal supercurrent transport in Josephson junctions, particularly the Josephson diode effect in junctions fabricated from mechanically exfoliated transition metal dichalcogenides and its microscopic mechanism. Superconducting materials that display a non-reciprocity in their critical current, namely a supercurrent diode effect (SDE), and Josephson junctions (JJs) that display a Josephson diode effect (JDE) have recently been discovered just a few years ago. These phenomena have attracted much attention for their potential in creating energy-efficient superconducting electronics. The SDE was discovered for the first time only in 2020 and the JDE shortly afterwards. JJs are a critical element of many superconducting devices and, in particular, superconducting qubits that are under intense study for the development of quantum computers. In order to make use of devices that display a JDE, a detailed and comprehensive understanding of the physical origin or origins of this effect is essential, which is the main topic of this dissertation. In addition to the published results, the dissertation contains detailed information on the basic theoretical aspects of superconductivity, Josephson junctions, and the experimental methods that are necessary to achieve these results, which is suitable for undergraduate and graduate students or any reader with knowledge on basic condensed matter physics. 410 0$aSpringer Theses, Recognizing Outstanding Ph.D. Research,$x2190-5061 606 $aSuperconductivity 606 $aSuperconductors 606 $aSuperconductors$xChemistry 606 $aCondensed matter 606 $aSuperconductivity 606 $aSuperconductors 606 $aStrongly Correlated Systems 615 0$aSuperconductivity. 615 0$aSuperconductors. 615 0$aSuperconductors$xChemistry. 615 0$aCondensed matter. 615 14$aSuperconductivity. 615 24$aSuperconductors. 615 24$aStrongly Correlated Systems. 676 $a620.112973 700 $aSivakumar$b Pranava Keerthi$01790130 801 0$bMiAaPQ 801 1$bMiAaPQ 801 2$bMiAaPQ 906 $aBOOK 912 $a9910984693503321 996 $aPhysics of Josephson Diodes Formed from 1T-Transition Metal Dichalcogenides$94326233 997 $aUNINA